Państwa o największej liczbie użytkowników internetu - Statystyki

Ogólne statystyki
  • Ten quiz został rozwiązany 277 razy
  • Średni wynik to 20 z 25
Statystyki odpowiedzi
lp. Liczba użytkowników internetu Państwo % Poprawnych
1. 802 000 000 Chiny
99%
3. 286 942 362 Stany Zjednoczone
99%
2. 462 124 989 Indie
96%
7. 109 552 842 Rosja
96%
15. 56 367 330 Francja
95%
10. 79 127 551 Niemcy
95%
4. 149 057 635 Brazylia
94%
22. 40 148 353 Hiszpania
94%
6. 118 626 672 Japonia
93%
12. 60 273 385 Wielka Brytania
92%
11. 69 915 219 Meksyk
90%
16. 51 836 798 Włochy
90%
25. 34 785 206 Argentyna
86%
24. 34 800 000 Egipt
82%
18. 47 013 649 Korea Południowa
80%
19. 46 196 720 Turcja
80%
5. 143 260 000 Indonezja
78%
14. 56 700 000 Iran
73%
8. 98 391 456 Nigeria
67%
20. 44 608 065 Pakistan
67%
21. 41 000 000 Tajlandia
61%
17. 51 333 076 Wietnam
60%
9. 88 687 000 Bangladesz
57%
13. 57 607 242 Filipiny
55%
23. 39 664 377 Kenia
29%
Nie znaleziono quizów pasujących do podanych kryteriów
Rozkład punktacji
Procent ludzi z każdym wynikiem
Percentyl według liczby udzielonych odpowiedzi
Twoja historia wyników
Nie rozwiązałeś tego quizu